LEADER 01407nam a2200301 u 4500 001 000000057138 003 CaOOAMICUS 005 20150227143637.0 008 010430s1979 it u000 u ita u 035 $a10886796 040 $aPUL(R)$bita$dMSA 100 1 $aTabacco, Giovanni,$d1914-2002.$0(OLS)http://pul/name/5799 245 10$aEgemonie sociali e strutture del potere nel Medioevo italiano /$cGiovanni Tabacco. 260 $aTorino :$bEinaudi,$c1979. 300 $avi, 435 p.$c18 cm 490 1 $aPiccola biblioteca Einaudi. Storia e geografia ;$v379 504 $aNote bibliografiche. 651 4$aItalia$xStoria$y476-1492.$0(OLS)http://pul/subject/5871 651 4$aItalia$xCondizioni economiche$y476-1492.$0(OLS)http://pul/subject/22842 830 0$aPiccola biblioteca Einaudi ;$v379.$0(OLS)http://pul/title/8551 850 $aPUL 852 $aPUL$W1$xDP1 Altre Collocazioni$y17$mSenza collocazione$j12$nBK-PRI$b $qStampati$B74804$CPULBib$Z2$F74804 $H $81 852 $aPUL$W1$xDP1 Fondo Capitani$y116$m10 E 5.379$j163933$qFondi$B163990$CPULBib$Z2$F163990 $HcAP1599 $82 941 1 $a8 941 1 $a1 961 $aNota ms. di possesso : Capitani 996 $6245$aEgemonie sociali e strutture del potere nel Medioevo italiano$9(OLS)http://pul/title/76476 996 $6260$aTorino :$bEinaudi$9(OLS)http://pul/publisher/48130 LEADER 01291nam a2200253 u 4500 001 000000136077 003 CaOOAMICUS 005 20131031185121.0 008 131031s2013 it u000 u ita u 040 $aPUL$bita 100 1 $aVolpe, Marcello.$0(OLS)http://pul/name/21881 245 13$aLe persone giurdiche pubbliche:$bLe Ipab e la sopravvivenza degli enti ecclesiastici in Italia dalle leggi eversive ad oggi/$cMarcello Volpe. 260 $aRoma :$bPontificia Università Lateranense,$c2013. 300 $a91 p.$c24 cm 502 $aEstratto da tesi di Dottorato in diritto canonico -- Pontificia Università Lateranense, 2013. 504 $aBbibliografia: p.[87]-91. 650 4$aDiritto processuale.$0(OLS)http://pul/subject/14539 710 2 $aPontificia Università Lateranense.$bFacoltà di diritto canonico.$kTesi.$0(OLS)http://pul/name/81682 850 $aPUL 852 $aPUL$W1$xDP1 Tesi Pon Univ. Lateranense$y41$m2013 C 19$j156855$qTesi$B156247$CPULBib$Z2$F156247 $82 941 1 $a16 996 $6245$aLe persone giurdiche pubbliche:$bLe Ipab e la sopravvivenza degli enti ecclesiastici in Italia dalle leggi eversive ad oggi/$9(OLS)http://pul/title/172078 996 $6260$aRoma :$bPontificia Università Lateranense$9(OLS)http://pul/publisher/47963